Remplissez votre sac pour faire la randonnée de Compostelle sur un dessin - Statistiques

Statistiques générales
  • Ce quiz a été pris 127 fois
  • Le résultat moyen est 9 sur 15
Réponses sur la Carte
Les réponses sont colorées sur une échelle allant du rouge au vert en fonction du pourcentage des utilisateurs qui les ont devinées à leur premier essai. Vous pouvez retrouver ces pourcentages ci-dessous.
 
Statistiques - réponses
Réponse % Correct
Boire boire boire ! Et de l'eau bien sûr à transporter dans la... Gourde | Camel bag
99%
Et par dessus évidemment vous ne marcherez pas sans des... Chaussures de randonnée
90%
Si le soleil tape un peu trop, coiffez vous d'une... Casquette | Chapeau
87%
Pour marcher sans avoir d'ampoules vos pieds ne peuvent enfiler que des... Chaussettes de randonnée
86%
Si jamais il fait super chaud, vous pouvez partir marcher dès 3h du matin... Auquel cas il fera nuit et pour y voir clair vous aurez besoin d'une... Lampe frontale
84%
Il fait toujours très chaud et ça tape ! Mettez vous sur le nez un peu de... Crème solaire
83%
Si jamais il fait très froid le matin ou le soir, vous aurez besoin d'un.... Pull | Sweat | Polaire
83%
Les gîtes c'est pas gratuit et ils prennent pas toujours la carte ! pour transporter vos espèces vous aurez besoin d'un... Porte-feuille
82%
Il y en a qui trouvent que ça ne sert à rien mais ils auront mal aux genoux dans les descentes sans les... Bâtons de randonnée
73%
Pour dormir, ils ne sont pas fournis dans les gîtes alors vous aurez besoin de... Draps de couchage
53%
Pour repérer l'itinéraire de l'étape du jour et savoir où aller miam-miam et dodo vous aurez besoin d'un... Guide Papier
48%
Aucun pèlerin ne randonne si sur son sac il n'y a pas accroché une... Coquille
36%
Oups un orage ! Couvrez vous vite et dépliez votre... Parka | Cape de pluie
27%
Toujours la transporter avec soi au cas où il y a un endroit où faire tamponner sa... Crédencial
7%
Le soir prenez soin de vos pieds en les massant et en appliquant de la... Crème anti-frottements
5%
Aucun quiz correspondant
Distribution des résultats
% des personnes avec chaque résultat
Percentile par nombre de réponses
Votre historique - résultats
Vous n’avez pas pris ce quiz